| 000 | 00705nam a2200229 a 4500 | ||
|---|---|---|---|
| 001 | 50081 | ||
| 003 | BD-RjUL | ||
| 005 | 20211209075444.0 | ||
| 008 | 160823s1962 nyua 000 0 eng d | ||
| 035 | _a(BD-RjUL)50201 | ||
| 040 |
_aDLC _cWSU _dSER _dUKM _dEQO _dBD-RjUL _beng |
||
| 041 | _aeng | ||
| 082 |
_a371.3944 _223 _bMAA 1962 |
||
| 100 | 1 |
_aMargulies, Stuart. _9150103 |
|
| 245 | 1 | 0 |
_aApplied programed instruction / _cby Stuart Margulies [and] Lewis D. Eigen |
| 260 |
_aNew York : _bJohn Wiley and sons, _cc1962 |
||
| 300 |
_a387 p. : _bill. ; _c24 cm. |
||
| 650 | 0 |
_aProgrammed instruction _9150104 |
|
| 700 | 1 |
_aEigen, Lewis D., Joint author _9150105 |
|
| 942 |
_2ddc _cBK |
||
| 999 |
_c50081 _d50081 |
||